<?xml version="1.0" encoding="UTF-8"?>
<collection xmlns="http://www.loc.gov/MARC21/slim">
 <record>
  <leader>04374ntm a22005177i 4500</leader>
  <controlfield tag="001">000151549</controlfield>
  <controlfield tag="003">CZ-PrVSE</controlfield>
  <controlfield tag="005">20220529101004.0</controlfield>
  <controlfield tag="006">m        d</controlfield>
  <controlfield tag="007">cr n||||||||||</controlfield>
  <controlfield tag="008">220529s2022    xr     fsbm   000 0 cze d</controlfield>
  <datafield tag="STA" ind1=" " ind2=" ">
   <subfield code="a">NEZPRACOVANÝ IMPORT</subfield>
  </datafield>
  <datafield tag="040" ind1=" " ind2=" ">
   <subfield code="a">ABA006</subfield>
   <subfield code="b">cze</subfield>
   <subfield code="c">ABA006</subfield>
   <subfield code="d">ABA006</subfield>
   <subfield code="e">rda</subfield>
  </datafield>
  <datafield tag="100" ind1="1" ind2=" ">
   <subfield code="a">Boček, Martin</subfield>
   <subfield code="%">ISIS:126061</subfield>
   <subfield code="4">dis</subfield>
  </datafield>
  <datafield tag="242" ind1="1" ind2="0">
   <subfield code="a">Comparative analysis of the development of Czech household expenditures and macroeconomic indicators between 2006-2020 in the Czech Republic with the main focus on the crisis periods</subfield>
   <subfield code="y">eng</subfield>
  </datafield>
  <datafield tag="245" ind1="1" ind2="0">
   <subfield code="a">Komparativní analýza vývoje výdajů českých domácností a makroekonomických ukazatelů mezi lety 2006-2020 v České republice se zvláštním zřetelem na krizová období /</subfield>
   <subfield code="c">Martin Boček</subfield>
  </datafield>
  <datafield tag="264" ind1=" " ind2="0">
   <subfield code="c">2022</subfield>
  </datafield>
  <datafield tag="300" ind1=" " ind2=" ">
   <subfield code="a">?? stran :</subfield>
   <subfield code="3">digital, PDF soubor</subfield>
  </datafield>
  <datafield tag="500" ind1=" " ind2=" ">
   <subfield code="a">Vedoucí práce: Karel Zeman</subfield>
  </datafield>
  <datafield tag="502" ind1=" " ind2=" ">
   <subfield code="a">Diplomová práce (Ing.)—Vysoká škola ekonomická v Praze. Národohospodářská fakulta, 2022</subfield>
  </datafield>
  <datafield tag="504" ind1=" " ind2=" ">
   <subfield code="a">Obsahuje bibliografii</subfield>
  </datafield>
  <datafield tag="516" ind1=" " ind2=" ">
   <subfield code="a">Textový (vysokoškolská kvalifikační práce)</subfield>
  </datafield>
  <datafield tag="518" ind1=" " ind2=" ">
   <subfield code="a">Rok obhajoby 2022</subfield>
  </datafield>
  <datafield tag="520" ind1="3" ind2=" ">
   <subfield code="a">Cílem práce je analýza vývoje makroekonomických ukazatelů ovlivňujících spotřebu domácností v České republice a analýza výší spotřebních výdajů českých domácností mezi lety 2006-2020. Zásadním zkoumáním je komparace změn ve spotřebním chování českých domácností během krize započaté v roce 2008 a během pandemické krize z roku 2020. Práce identifikuje příčiny obou krizí a snaží se najít relevantní makroekonomické determinanty ke změnám ve spotřebních výdajích. Teoretická část vysvětluje základní ekonomické pojmy, rozebírá koncepty spotřebních teorií makroekonomie a nabízí rešerši současných publikací na téma změn ve spotřebním chování jedinců v souvislosti s pandemickou krizí. Upozorňuje na změny ve struktuře budoucího retailu a možné dlouhotrvající efekty vzniklé při pandemii. Jedním negativním efektem může být trvalá ztráta poptávky po určitých nabízejících, což popisuje jev tzv. „zombifikace“ firem. Pozitivním efektem může být zvýšená poptávka po kvalitnějším zboží a vyšší míra tzv. „zelené spotřeby“, tedy nakupování ekologičtějších variant produktů. Praktická část na základě analýzy vývojů makroekonomických ukazatelů a jejich porovnání se spotřebními výdaji domácností posuzuje z vybraných jako zásadní determinanty pro výši spotřebních výdajů HDP, inflaci a disponibilní příjmy. Naopak vývoje nezaměstnanosti, zadluženosti a úspor domácností neposuzuje při stavu české ekonomiky za relevantní. Spotřební skupina stravování a ubytování zaznamenala v roce 2020 nejvýznamnější pokles výdajů, dalšími byly rekreační a kulturní služby a odívání a obuv. Naopak skupina potraviny a nealkoholické nápoje se skupinou alkoholické nápoje zaznamenaly nárůst nad rámec očekávání. U všech těchto skupin je zjevná jednoznačná odlišnost ve vývoji po roce 2008 a vývoji</subfield>
  </datafield>
  <datafield tag="520" ind1="8" ind2=" ">
   <subfield code="a">Práce dále rozděluje domácnosti dle velikosti průměrných čistých ročních příjmů. Tato analýza nepřináší jednoznačné výsledky.</subfield>
  </datafield>
  <datafield tag="538" ind1=" " ind2=" ">
   <subfield code="a">Způsob přístupu: Internet</subfield>
  </datafield>
  <datafield tag="653" ind1="0" ind2=" ">
   <subfield code="a">hospodářská politika [obor dipl. práce]</subfield>
  </datafield>
  <datafield tag="655" ind1=" " ind2="7">
   <subfield code="a">diplomové práce</subfield>
   <subfield code="7">fd132022</subfield>
   <subfield code="2">czenas</subfield>
  </datafield>
  <datafield tag="655" ind1=" " ind2="9">
   <subfield code="a">master's theses</subfield>
   <subfield code="2">eczenas</subfield>
  </datafield>
  <datafield tag="690" ind1=" " ind2=" ">
   <subfield code="a">Spotřební výdaje domácností</subfield>
  </datafield>
  <datafield tag="690" ind1=" " ind2=" ">
   <subfield code="a">Koronavirová krize</subfield>
  </datafield>
  <datafield tag="690" ind1=" " ind2=" ">
   <subfield code="a">Velká recese</subfield>
  </datafield>
  <datafield tag="690" ind1=" " ind2=" ">
   <subfield code="a">Komparativní analýza</subfield>
  </datafield>
  <datafield tag="700" ind1="1" ind2=" ">
   <subfield code="a">Zeman, Karel</subfield>
   <subfield code="7">mzk2010606236</subfield>
   <subfield code="4">ths</subfield>
  </datafield>
  <datafield tag="700" ind1="1" ind2=" ">
   <subfield code="a">Krebs, Vojtěch,</subfield>
   <subfield code="d">1950-</subfield>
   <subfield code="7">jo20010091969</subfield>
   <subfield code="4">opn</subfield>
  </datafield>
  <datafield tag="710" ind1="2" ind2=" ">
   <subfield code="a">Vysoká škola ekonomická v Praze.</subfield>
   <subfield code="b">Národohospodářská fakulta</subfield>
   <subfield code="7">kn20010709401</subfield>
   <subfield code="4">dgg</subfield>
  </datafield>
  <datafield tag="856" ind1="4" ind2="0">
   <subfield code="u">https://insis.vse.cz/zp/79971/podrobnosti</subfield>
   <subfield code="y">VŠKP v InSIS</subfield>
  </datafield>
  <datafield tag="856" ind1="4" ind2="0">
   <subfield code="u">https://insis.vse.cz/zp/79971</subfield>
   <subfield code="y">Hlavní práce</subfield>
  </datafield>
  <datafield tag="856" ind1="4" ind2="0">
   <subfield code="u">https://insis.vse.cz/zp/79971/posudek/vedouci</subfield>
   <subfield code="y">Hodnocení vedoucího</subfield>
  </datafield>
  <datafield tag="856" ind1="4" ind2="0">
   <subfield code="u">https://insis.vse.cz/zp/79971/posudek/oponent/74925</subfield>
   <subfield code="y">Oponentura</subfield>
  </datafield>
  <datafield tag="999" ind1="4" ind2="0">
   <subfield code="u">https://insis.vse.cz/zp/79971/podrobnosti</subfield>
   <subfield code="y">dc:identifier</subfield>
  </datafield>
  <datafield tag="993" ind1=" " ind2=" ">
   <subfield code="x">NEPOSILAT</subfield>
   <subfield code="y">VSKP</subfield>
  </datafield>
  <datafield tag="999" ind1="4" ind2="9">
   <subfield code="a">vse79971</subfield>
   <subfield code="b">220527</subfield>
  </datafield>
  <datafield tag="999" ind1="4" ind2="5">
   <subfield code="x">79971</subfield>
  </datafield>
 </record>
</collection>
